000 01225nam a2200241Ia 4500
003 Ost
005 20260507074909.0
008 260507s9999||||xx |||||||||||||| ||und||
040 _cfsecg
041 _aara
082 _a350
100 _aالردادي، محمد بن مسلم
_eمؤلف
245 0 _aإدارة البنوك الإسلامية بعد عولمة أسواق المال /
_c محمد بن مسلم الردادي
250 _aطبعة 2
260 _aالقاهرة:
_bالمنظمة العربية للتنمية الإدارية,
_c2005
300 _a170 صفحة؛
_bإيضاحات ؛
_c23 سم
490 _aسلسلة بحوث ودراسات
_v360
504 _aببليوغرافيا: ص.163
520 _aحدود إدارة البنوك الإسلامية قبل عولمة الأسواق المالية، دور المؤسسات الخفية في مسار النظام المصرفي، إدارة الأصول المالية بعد عولمة أسواق المال، كيف تحافظ البنوك الإسلامية على أداء متميز بعد عولمة أسواق المال
653 _aأسواق المال
653 _aالبنوك الإسلامية
942 _cكتاب
999 _c41722
_d41722